[Event "ROM-ch U14"]
[Site "Calimanesti Caciulata"]
[Date "2019.04.16"]
[Round "2"]
[White "Tabacaru, Gabriel Sergiu"]
[Black "Musat, Tudor Mihai"]
[Result "1-0"]
[WhiteElo "1408"]
[BlackElo "1063"]
[PlyCount "69"]
[EventDate "2019.04.15"]
[EventType "swiss"]
[EventRounds "9"]
[EventCountry "ROU"]
[SourceTitle "CBM 190 Extra"]
[Source "ChessBase"]
[SourceDate "2019.07.15"]
[SourceVersion "1"]
[SourceVersionDate "2019.07.15"]
[SourceQuality "1"]

1. d4 d5 2. c4 e6 3. Nc3 Nf6 4. Nf3 Bb4 5. Bg5 0-0 6. e3 Nc6 7. Bd3 h6 8. Bh4 Re8 9. 0-0 b6 10. Qb3 Ba6 11. Rfd1 g5 12. Bg3 Qe7 13. cxd5 Na5 14. Qa4 Bxd3 15. Rxd3 exd5 16. Bxc7 Ne4 17. Nxd5 Qf8 18. Nxb4 Rec8 19. Nd5 Kg7 20. Ne5 f6 21. Qd7+ Kg8 22. Ne7+ Kh8 23. N7g6+ Kg8 24. Nxf8 Rxf8 25. Ng4 Nc4 26. Qe6+ Rf7 27. Nxh6+ Kg7 28. Qxf7+ Kxh6 29. f3 Nxb2 30. fxe4 Nxd3 31. Rf1 Nf4 32. Bxf4 gxf4 33. Rxf4 Kg5 34. Qxf6+ Kh5 35. Rh4# 1-0

[Event "ROM-ch U10"]
[Site "Calimanesti Caciulata"]
[Date "2016.04.23"]
[Round "7"]
[White "Belgiu, Radu Matei"]
[Black "Musat, Tudor Mihai"]
[Result "0-1"]
[WhiteElo "1001"]
[BlackElo "1121"]
[PlyCount "66"]
[EventDate "2016.04.18"]
[EventType "swiss"]
[EventRounds "9"]
[EventCountry "ROU"]
[SourceTitle "CBM 172 Extra"]
[Source "ChessBase"]
[SourceDate "2016.06.21"]
[SourceVersion "1"]
[SourceVersionDate "2016.06.21"]
[SourceQuality "1"]

1. e4 e5 2. Nf3 Nc6 3. d4 exd4 4. Nxd4 Nf6 5. Bc4 Bc5 6. Be3 Nxe4 7. Qh5 0-0 8. Nxc6 dxc6 9. Bxc5 Nxc5 10. Nc3 Re8+ 11. Ne2 g6 12. Qf3 Qd7 13. 0-0 b5 14. Bxf7+ Qxf7 15. Qxf7+ Kxf7 16. Rfe1 Bf5 17. Nd4 Bd7 18. Rxe8 Rxe8 19. Nf3 Na4 20. Ng5+ Kg7 21. b3 Nc3 22. h3 Ne2+ 23. Kh1 Nd4 24. Rd1 c5 25. c3 Kf6 26. Nxh7+ Kg7 27. Ng5 Bc6 28. cxd4 Re2 29. Rf1 cxd4 30. Rd1 Rxf2 31. Rxd4 Rxg2 32. Rh4 Rg4+ 33. Kh2 Rxh4 0-1

[Event "ROM-ch U10"]
[Site "Calimanesti"]
[Date "2015.04.02"]
[Round "4"]
[White "Musat, Tudor Mihai"]
[Black "Sida, Flavius Ovidiu"]
[Result "0-1"]
[WhiteElo "1052"]
[BlackElo "1071"]
[PlyCount "52"]
[EventDate "2015.03.30"]
[EventType "swiss"]
[EventRounds "9"]
[EventCountry "ROU"]
[SourceTitle "CBM 165 Extra"]
[Source "ChessBase"]
[SourceDate "2015.04.21"]
[SourceVersion "1"]
[SourceVersionDate "2015.04.21"]
[SourceQuality "1"]

1. e4 c5 2. Nf3 d6 3. Bb5+ Bd7 4. Bxd7+ Qxd7 5. 0-0 Nc6 6. d3 e6 7. Nc3 Nf6 8. Bg5 Be7 9. Re1 0-0 10. e5 dxe5 11. Nxe5 Nxe5 12. Rxe5 Ne8 13. Bxe7 Qxe7 14. Ne4 b6 15. Qg4 f5 16. Qg3 fxe4 17. Rxe4 Nf6 18. Re5 Qf7 19. f3 Nh5 20. Qg4 Nf6 21. Qh3 Rae8 22. Rae1 Re7 23. Rxe6 Rxe6 24. Rxe6 Re8 25. Rc6 Qe7 26. Rc8 Qe1# 0-1

[Event "ROM-ch U08"]
[Site "Calimanesti"]
[Date "2014.04.11"]
[Round "7"]
[White "Musat, Tudor Mihai"]
[Black "Alexandrescu, Bogdan Gabriel"]
[Result "1-0"]
[WhiteElo "1001"]
[BlackElo "1001"]
[PlyCount "67"]
[EventDate "2014.04.06"]
[EventType "swiss"]
[EventRounds "9"]
[EventCountry "ROU"]
[SourceTitle "CBM 160 Extra"]
[Source "ChessBase"]
[SourceDate "2014.07.01"]
[SourceVersion "1"]
[SourceVersionDate "2014.07.01"]
[SourceQuality "1"]

1. e4 e5 2. Nf3 Nc6 3. Bb5 a6 4. Ba4 b5 5. Bb3 d6 6. 0-0 Be6 7. Bxe6 fxe6 8. d3 Nf6 9. Nc3 Be7 10. Bg5 Nd7 11. Bxe7 Qxe7 12. h3 0-0 13. a4 bxa4 14. Nxa4 h6 15. Re1 Qf7 16. Re3 Nb6 17. Nxb6 cxb6 18. c3 d5 19. exd5 exd5 20. d4 exd4 21. cxd4 Ne7 22. Qe2 a5 23. Ne5 Qf6 24. Nd7 Qf7 25. Nxf8 Rxf8 26. Rxe7 Qf5 27. Rb7 Rf6 28. Rf1 Rg6 29. Rb8+ Kh7 30. g4 Qg5 31. Qe8 Rf6 32. Qh8+ Kg6 33. Rb7 Qh4 34. Qxg7# 1-0

[Event "ROM-ch U08"]
[Site "Calimanesti"]
[Date "2014.04.09"]
[Round "4"]
[White "Petrescu, Tudor"]
[Black "Musat, Tudor Mihai"]
[Result "0-1"]
[WhiteElo "1033"]
[BlackElo "1001"]
[PlyCount "20"]
[EventDate "2014.04.06"]
[EventType "swiss"]
[EventRounds "9"]
[EventCountry "ROU"]
[SourceTitle "CBM 160 Extra"]
[Source "ChessBase"]
[SourceDate "2014.07.01"]
[SourceVersion "1"]
[SourceVersionDate "2014.07.01"]
[SourceQuality "1"]

1. e4 Nc6 2. Nf3 e5 3. Bc4 Nf6 4. Nc3 Bb4 5. Ng5 0-0 6. a3 Ba5 7. b4 Bb6 8. Nd5 Bd4 9. Nxf6+ Qxf6 10. c3 Qxf2# 0-1